000 00296nam a22001337a 4500
008 170907b xxu||||| |||| 00| 0 eng d
020 _a0810913763
041 _aeng
080 _a91
100 _a42
101 _aGJEO
245 _aTHE NATIONAL GEOPRAHIC SOCIETY
_cBRYAN,C.D
942 _2udc
_cBK
999 _c26632
_d26632